[Event "HUN Team League Csongrad Region 2018-19 "]
[Site "Csongrád County"]
[Date "2018.09.30"]
[Round "1.4"]
[White "Hajdu, Istvan"]
[Black "Jojart, Zsolt"]
[Result "1-0"]
[WhiteElo "1900"]
[BlackElo "1602"]
[PlyCount "39"]
[EventDate "2018.09.30"]
[WhiteTeam "Szentesi Sakk SE II."]
[BlackTeam "Maróczy Géza SE VI."]

1. e4 e5 2. Nf3 Nc6 3. d4 exd4 4. Bc4 Bc5 5. c3 dxc3 6. Bxf7+ Kxf7 7. Qd5+ Ke8
8. Qh5+ Kf8 9. Qxc5+ d6 10. Qxc3 Qe7 11. O-O h6 12. Re1 Ne5 13. Nxe5 dxe5 14.
b3 b6 15. Qc6 Bb7 16. Qxb7 Qd8 17. Bb2 Nf6 18. Bxe5 Ne8 19. Nc3 Qc8 20. Qc6 1-0

[Event "HUN Team League Csongrad Region 2018-19 "]
[Site "Csongrád County"]
[Date "2018.09.30"]
[Round "1.4"]
[White "Lovaszi, Szabolcs"]
[Black "Nagy, Jozsef"]
[Result "0-1"]
[WhiteElo "1458"]
[BlackElo "1922"]
[PlyCount "158"]
[EventDate "2018.09.30"]
[WhiteTeam "Maróczy Géza SE VI."]
[BlackTeam "Szentesi Sakk SE II."]

1. d4 Nf6 2. Nf3 g6 3. Bf4 Bg7 4. e3 O-O 5. h3 b6 6. Nbd2 Bb7 7. Be2 Na6 8. c3
c5 9. O-O d6 10. Re1 Nh5 11. Bh2 f5 12. Ng5 Qe8 13. Ne6 Rf7 14. Bxa6 Bxa6 15.
Nc7 Qc8 16. Nxa8 Qxa8 17. Nf3 h6 18. Rc1 Bb7 19. b3 Nf6 20. c4 Ne4 21. Re2 g5
22. Rec2 a5 23. d5 b5 24. Nd2 Nxd2 25. Qxd2 b4 26. Qe2 Bc8 27. e4 fxe4 28. g4
Bd7 29. Qxe4 Qf8 30. Re1 a4 31. Kg2 a3 32. Re3 Bd4 33. Rf3 Rxf3 34. Qxf3 Qxf3+
35. Kxf3 Be8 36. Rc1 Bg6 37. Ke2 Bb2 38. Rf1 Bf6 39. f4 Be4 40. Kf2 Bd4+ 41.
Kg3 gxf4+ 42. Kxf4 Bd3 43. Rd1 Bc2 44. Rc1 Bxb3 45. axb3 Be5+ 46. Kf5 Bxh2 47.
Rc2 Be5 48. Ra2 Bg3 49. Kg6 Bf4 50. Re2 Be5 51. h4 Kf8 52. Ra2 Bg7 53. Rf2+ Kg8
54. Rf7 Bf6 55. g5 hxg5 56. hxg5 Bxg5 57. Rf2 Bf6 58. Ra2 Bb2 59. Kf5 Kf7 60.
Ke4 Kf6 61. Kf4 e5+ 62. dxe6 Kxe6 63. Ke4 Bd4 64. Rh2 Bb2 65. Rh6+ Bf6 66. Rh2
Be5 67. Rh6+ Kf7 68. Rh7+ Bg7 69. Rh2 Kg6 70. Rg2+ Kf6 71. Kd5 Kf7 72. Rf2+ Ke7
73. Rh2 Be5 74. Rh7+ Kf6 75. Ra7 Kf5 76. Rf7+ Kg4 77. Ra7 Kf3 78. Ra8 Ke3 79.
Ra7 Kd3 0-1

[Event "HUN Team League Csongrad Region 2018-19 "]
[Site "Csongrád County"]
[Date "2018.09.30"]
[Round "1.4"]
[White "Balatoni, Gyorgy"]
[Black "Tanacs, Jozsef"]
[Result "1-0"]
[WhiteElo "1692"]
[BlackElo "1364"]
[PlyCount "61"]
[EventDate "2018.09.30"]
[WhiteTeam "Szentesi Sakk SE II."]
[BlackTeam "Maróczy Géza SE VI."]

1. c4 Nf6 2. Nc3 e6 3. e4 d6 4. d4 Be7 5. Nf3 h6 6. Be2 O-O 7. O-O c6 8. h3 b6
9. Be3 Bb7 10. Qc2 Qc7 11. Rac1 a6 12. a4 Nbd7 13. Nd2 Rfc8 14. Qb1 Qb8 15. b4
d5 16. e5 Ne8 17. c5 b5 18. a5 f6 19. f4 f5 20. g4 fxg4 21. Bxg4 Nc7 22. f5
exf5 23. Bxf5 Rd8 24. Rf2 Nf8 25. Rg2 Kh8 26. Rf1 Bc8 27. Qd1 Bxf5 28. Rxf5
Nce6 29. Qh5 Nd7 30. Bxh6 gxh6 31. Qxh6# 1-0

[Event "HUN Team League Csongrad Region 2018-19 "]
[Site "Csongrád County"]
[Date "2018.09.30"]
[Round "1.4"]
[White "Keller, Peter"]
[Black "Kozak, Janos"]
[Result "1/2-1/2"]
[WhiteElo "1357"]
[BlackElo "1513"]
[PlyCount "91"]
[EventDate "2018.09.30"]
[WhiteTeam "Maróczy Géza SE VI."]
[BlackTeam "Szentesi Sakk SE II."]

1. d4 d5 2. Bf4 Bf5 3. e3 e6 4. Bd3 Bxd3 5. Qxd3 Bd6 6. Bxd6 Qxd6 7. Nc3 a6 8.
Nf3 Nf6 9. O-O Nbd7 10. e4 dxe4 11. Nxe4 Nxe4 12. Qxe4 c6 13. Rfd1 Nf6 14. Qd3
O-O 15. Ne5 Rad8 16. c3 Nd5 17. c4 Nf4 18. Qe3 Ng6 19. Nxg6 hxg6 20. Qe5 f6 21.
Qxd6 Rxd6 22. Rd2 Rfd8 23. Rad1 Kf7 24. Kf1 b5 25. b3 bxc4 26. bxc4 Rb8 27. Ke2
Rb4 28. Rc2 a5 29. Ke3 a4 30. Rd3 Rd8 31. a3 Rb1 32. Rdd2 Rdb8 33. Ke2 R8b3 34.
Rd3 g5 35. h3 f5 36. Rxb3 axb3 37. Rc3 b2 38. Rb3 Kf6 39. Kd2 g6 40. Kc3 Rc1+
41. Kxb2 Rxc4 42. Rd3 Ra4 43. Kc2 e5 44. dxe5+ Kxe5 45. Kb3 Ra8 46. Kc4 1/2-1/2

[Event "HUN Team League Csongrad Region 2018-19 "]
[Site "Csongrád County"]
[Date "2018.09.30"]
[Round "1.4"]
[White "Kovacs, Marcell"]
[Black "Elekes, Lajos"]
[Result "0-1"]
[WhiteElo "1396"]
[BlackElo "1328"]
[PlyCount "74"]
[EventDate "2018.09.30"]
[WhiteTeam "Szentesi Sakk SE II."]
[BlackTeam "Maróczy Géza SE VI."]

1. e4 c5 2. Nf3 e5 3. Nc3 d6 4. Bb5+ Bd7 5. Bc4 h6 6. Nd5 b5 7. Be2 a6 8. d3
Be6 9. Ne3 Nd7 10. O-O Ngf6 11. h3 Rc8 12. Bd2 b4 13. b3 a5 14. a3 Be7 15. Nh2
O-O 16. Bg4 Nxg4 17. Nhxg4 Nf6 18. Nh2 Qd7 19. axb4 axb4 20. Ra2 Rc6 21. Qb1
Rfc8 22. Qd1 Kh7 23. Qf3 h5 24. Kh1 g6 25. g4 hxg4 26. hxg4 Kg7 27. Qg3 Rh8 28.
f3 Kf8 29. Kg1 Ne8 30. Kf2 Bh4 31. Rh1 Bxg3+ 32. Kxg3 Rc8 33. Raa1 Qd8 34. Ng2
Ra8 35. f4 Rxa1 36. Rxa1 exf4+ 37. Nxf4 Qh4+ 0-1

[Event "HUN Team League Csongrad Region 2018-19 "]
[Site "Csongrád County"]
[Date "2018.09.30"]
[Round "1.4"]
[White "Vadkerti, Vince"]
[Black "Bullas, Gabor"]
[Result "1-0"]
[WhiteElo "1324"]
[BlackElo "1068"]
[PlyCount "47"]
[EventDate "2018.09.30"]
[WhiteTeam "Maróczy Géza SE VI."]
[BlackTeam "Szentesi Sakk SE II."]

1. e4 e5 2. Nf3 Nc6 3. d4 exd4 4. Nxd4 Nxd4 5. Qxd4 d6 6. Nc3 Be6 7. Bd3 Qd7 8.
O-O c6 9. Kh1 Nf6 10. f4 Qc7 11. f5 c5 12. Qe3 Bd7 13. Re1 Ng4 14. Qe2 Ne5 15.
Nd5 Qd8 16. Bf4 g6 17. f6 Bc6 18. Bb5 Qd7 19. a4 O-O-O 20. Bg5 Bxb5 21. axb5
Qg4 22. Qxg4+ Nxg4 23. Rxa7 Rd7 24. Ra8# 1-0

[Event "HUN Team League Csongrad Region 2018-19 "]
[Site "Csongrád County"]
[Date "2018.09.30"]
[Round "1.5"]
[White "Megyaszai, Balazs"]
[Black "Borus, Andras"]
[Result "1/2-1/2"]
[WhiteElo "1657"]
[BlackElo "2030"]
[PlyCount "60"]
[EventDate "2018.09.30"]
[WhiteTeam "Maróczy Géza SE V."]
[BlackTeam "Maróczy Géza SE IV."]

1. e4 d6 2. d4 Nf6 3. Nc3 g6 4. Nf3 Bg7 5. Bf4 Nbd7 6. Qd2 h6 7. h3 c5 8. dxc5
Nxc5 9. Bd3 Nxd3+ 10. Qxd3 O-O 11. O-O Qb6 12. Rab1 Bd7 13. Qe3 Qxe3 14. Bxe3
Bc6 15. e5 Ne4 16. exd6 Nxd6 17. Nd4 Bd7 18. Rfd1 Rfd8 19. Nb3 b6 20. Nd5 Kf8
21. Bd4 Bxd4 22. Rxd4 Rac8 23. Ne3 Nf5 24. Nxf5 Bxf5 25. Rxd8+ Rxd8 26. Rc1 e5
27. Kf1 a5 28. Ke1 Rc8 29. c3 Be6 30. Rc2 Ke7 1/2-1/2

[Event "HUN Team League Csongrad Region 2018-19 "]
[Site "Csongrád County"]
[Date "2018.09.30"]
[Round "1.5"]
[White "Blazsik, Zoltan"]
[Black "Arato, Daniel"]
[Result "1/2-1/2"]
[WhiteElo "1747"]
[BlackElo "1733"]
[PlyCount "120"]
[EventDate "2018.09.30"]
[WhiteTeam "Maróczy Géza SE IV."]
[BlackTeam "Maróczy Géza SE V."]

1. e4 c6 2. c3 d5 3. e5 Bf5 4. d4 e6 5. Nf3 c5 6. b3 Nc6 7. Bd3 Bxd3 8. Qxd3
Qb6 9. O-O Rc8 10. Be3 cxd4 11. Bxd4 Nxd4 12. cxd4 Bb4 13. a3 Qa5 14. Ra2 Be7
15. Rc2 Rc6 16. Rfc1 Kd7 17. b4 Qa4 18. Rxc6 bxc6 19. Qc3 Nh6 20. Nbd2 Rb8 21.
Nb3 Qb5 22. g3 Rb6 23. Ne1 Qe2 24. Nd3 Bg5 25. Re1 Qa2 26. Na5 Bd2 27. Ra1 Bxc3
28. Rxa2 Bxd4 29. Rc2 Ng4 30. Re2 f6 31. exf6 gxf6 32. Nb3 Be5 33. h3 Nh6 34.
f4 Bd6 35. Ndc5+ Bxc5+ 36. Nxc5+ Ke7 37. Rxe6+ Kf7 38. g4 a5 39. bxa5 Rb5 40.
Rxc6 Rxa5 41. a4 Kg6 42. Kf2 Ng8 43. Ke3 Ra7 44. Kd4 Ne7 45. Rb6 h5 46. g5 Nf5+
47. Kxd5 Ne3+ 48. Kd4 Nf5+ 49. Kc4 Ne3+ 50. Kd3 Nd5 51. Rd6 Nxf4+ 52. Ke4 Kxg5
53. h4+ Kg4 54. Rxf6 Re7+ 55. Kd4 Ne2+ 56. Kd3 Kxh4 57. a5 Kg5 58. Rf2 Nf4+ 59.
Kc4 h4 60. a6 h3 1/2-1/2

[Event "HUN Team League Csongrad Region 2018-19 "]
[Site "Csongrád County"]
[Date "2018.09.30"]
[Round "1.5"]
[White "Kocsmar, Akos"]
[Black "Lakatos, Alfred"]
[Result "1/2-1/2"]
[WhiteElo "1697"]
[BlackElo "1578"]
[PlyCount "97"]
[EventDate "2018.09.30"]
[WhiteTeam "Maróczy Géza SE V."]
[BlackTeam "Maróczy Géza SE IV."]

1. c4 e5 2. Nc3 Nc6 3. g3 Nf6 4. Bg2 Bc5 5. e3 O-O 6. Nge2 Re8 7. d3 Ne7 8. a3
c6 9. d4 exd4 10. exd4 Bb6 11. O-O d5 12. c5 Bc7 13. b4 Bf5 14. f3 h6 15. a4
Qd7 16. Rf2 Bh7 17. Bf4 Nf5 18. Qd2 Bxf4 19. Nxf4 Ne3 20. b5 Nc4 21. Qa2 Re3
22. Rc1 Rae8 23. Re2 g5 24. Rxe3 Rxe3 25. Nfe2 Qe8 26. bxc6 bxc6 27. Rf1 Bd3
28. Rf2 g4 29. h3 gxh3 30. Bxh3 Nh5 31. Kg2 Kh8 32. Bg4 Nf6 33. Bh3 h5 34. Nf4
h4 35. Qb3 hxg3 36. Kxg3 Be4 37. Bg2 Bxf3 38. Rxf3 Ne4+ 39. Kh2 Nxc3 40. Rh3+
Rxh3+ 41. Bxh3 Ne2 42. Qf3 Nxf4 43. Qxf4 Qe2+ 44. Bg2 Kg8 45. Qg5+ Kf8 46. Qh6+
Ke7 47. Qxc6 Qh5+ 48. Kg1 Qd1+ 49. Kh2 1/2-1/2

[Event "HUN Team League Csongrad Region 2018-19 "]
[Site "Csongrád County"]
[Date "2018.09.30"]
[Round "1.5"]
[White "Szamko, Szabolcs"]
[Black "Balint, Bence"]
[Result "1/2-1/2"]
[WhiteElo "1516"]
[BlackElo "1492"]
[PlyCount "82"]
[EventDate "2018.09.30"]
[WhiteTeam "Maróczy Géza SE IV."]
[BlackTeam "Maróczy Géza SE V."]

1. e4 c6 2. d4 d5 3. e5 Bf5 4. Bd3 Bxd3 5. Qxd3 e6 6. f4 c5 7. Qb5+ Qd7 8.
Qxd7+ Nxd7 9. c3 Ne7 10. g4 cxd4 11. cxd4 Nc6 12. Be3 Bb4+ 13. Nc3 Rc8 14. a3
Bxc3+ 15. bxc3 Na5 16. Ne2 Nc4 17. Bd2 Ndb6 18. Ra2 Nxd2 19. Kxd2 Nc4+ 20. Kd3
Rc6 21. Ng3 g6 22. Rb1 Rb6 23. Rxb6 Nxb6 24. Rb2 Kd7 25. Nf1 Kc6 26. Nd2 Na4
27. Rb4 b5 28. Nf3 h6 29. Nd2 a5 30. Rb1 Nb6 31. f5 exf5 32. gxf5 g5 33. Rg1
Nc4 34. Nxc4 bxc4+ 35. Kc2 Rb8 36. Rb1 Rxb1 37. Kxb1 h5 38. Kc2 Kd7 39. Kd2 Ke7
40. Ke3 Kf8 41. Kf3 Kg7 1/2-1/2

[Event "HUN Team League Csongrad Region 2018-19 "]
[Site "Csongrád County"]
[Date "2018.09.30"]
[Round "1.5"]
[White "Kis, Izabella"]
[Black "Veres, Sandor"]
[Result "0-1"]
[WhiteElo "1375"]
[BlackElo "1511"]
[PlyCount "92"]
[EventDate "2018.09.30"]
[WhiteTeam "Maróczy Géza SE V."]
[BlackTeam "Maróczy Géza SE IV."]

1. e4 e6 2. d4 d5 3. exd5 exd5 4. Bf4 Nf6 5. Nf3 Be7 6. Be2 Nbd7 7. O-O O-O 8.
Nc3 a6 9. a3 c6 10. Rb1 Re8 11. Re1 Nf8 12. Kh1 b5 13. b4 Ng4 14. Kg1 Nf6 15.
h3 Ng6 16. Bh2 Bd6 17. Qc1 Bxh2+ 18. Kxh2 Qc7+ 19. Kg1 Bf5 20. a4 h6 21. a5 Re7
22. Bf1 Rae8 23. Rxe7 Rxe7 24. Qd2 Ne4 25. Nxe4 Bxe4 26. Rb3 Qd6 27. Bd3 Bxf3
28. Bxg6 Bxg2 29. Bxf7+ Rxf7 30. Kxg2 Rf4 31. Rf3 Qg6+ 32. Rg3 Qe4+ 33. f3 Qxd4
34. Qe1 Qxb4 35. Qe8+ Rf8 36. Qxc6 Qd2+ 37. Kf1 Qd1+ 38. Kg2 Qe2+ 39. Kg1 Qe5
40. Kg2 Re8 41. Kh2 Re6 42. Qc8+ Kh7 43. Qd8 Rg6 44. Qh4 Qe2+ 45. Kh1 Qf1+ 46.
Kh2 Qf2+ 0-1

[Event "HUN Team League Csongrad Region 2018-19 "]
[Site "Csongrád County"]
[Date "2018.09.30"]
[Round "1.5"]
[White "Gyemant, Karoly"]
[Black "Herczeg, Zsofia"]
[Result "1-0"]
[WhiteElo "1582"]
[BlackElo "1274"]
[PlyCount "65"]
[EventDate "2018.09.30"]
[WhiteTeam "Maróczy Géza SE IV."]
[BlackTeam "Maróczy Géza SE V."]

1. e4 e5 2. c4 Nc6 3. d3 Bb4+ 4. Bd2 Bc5 5. Be3 Bxe3 6. fxe3 Nf6 7. a3 O-O 8.
Nf3 d6 9. Be2 h6 10. Qd2 Nh7 11. Nc3 f5 12. exf5 Bxf5 13. e4 Bg4 14. O-O-O Na5
15. Kb1 Bxf3 16. Bxf3 Nb3 17. Qe3 c6 18. h4 Rb8 19. g4 b5 20. cxb5 cxb5 21. Nd5
Nf6 22. Rhg1 Nxd5 23. exd5 Nd4 24. Be4 b4 25. axb4 Rxb4 26. g5 Qc7 27. Rg2 Qa5
28. gxh6 Rf7 29. Rxg7+ Rxg7 30. hxg7 Qa3 31. Qc1 Qb3 32. Qc8+ Kxg7 33. Qd7+ 1-0

[Event "HUN Team League Csongrad Region 2018-19 "]
[Site "Csongrád County"]
[Date "2018.09.30"]
[Round "1.5"]
[White "Herczeg, Viktoria"]
[Black "Koszo, Ferenc"]
[Result "0-1"]
[WhiteElo "1226"]
[BlackElo "1365"]
[PlyCount "66"]
[EventDate "2018.09.30"]
[WhiteTeam "Maróczy Géza SE V."]
[BlackTeam "Maróczy Géza SE IV."]

1. e4 e6 2. d4 d5 3. Nc3 dxe4 4. Nxe4 c6 5. Nf3 Nd7 6. Be3 Ngf6 7. Bd3 Nxe4 8.
Bxe4 Nf6 9. Bd3 b6 10. O-O Bb7 11. c4 Bd6 12. Qc2 Rc8 13. Rfe1 O-O 14. g3 c5
15. Ne5 cxd4 16. Bxd4 Bc5 17. Bxc5 Rxc5 18. Rad1 Qc7 19. Qc3 a5 20. a3 Qe7 21.
Bc2 Rd8 22. Nd3 Rcc8 23. b4 axb4 24. axb4 Bd5 25. Bb3 Ne4 26. Qe5 f6 27. Qf4 e5
28. Qe3 Bxc4 29. Bxc4+ Rxc4 30. Qxb6 Ng5 31. Nc5 Rcd4 32. Rxd4 Rxd4 33. f4 Nf3+
0-1

[Event "HUN Team League Csongrad Region 2018-19 "]
[Site "Csongrád County"]
[Date "2018.09.30"]
[Round "1.5"]
[White "Szamko, Hanna"]
[Black "Korosi, Zsombor"]
[Result "1-0"]
[WhiteElo "1341"]
[BlackElo "1052"]
[PlyCount "99"]
[EventDate "2018.09.30"]
[WhiteTeam "Maróczy Géza SE IV."]
[BlackTeam "Maróczy Géza SE V."]

1. e4 e5 2. Nf3 Nc6 3. Bc4 h6 4. d4 d6 5. dxe5 f6 6. exd6 Bxd6 7. Nc3 Nge7 8.
Be3 Bg4 9. h3 Bxf3 10. gxf3 Qd7 11. Bb5 a6 12. Bc4 O-O-O 13. f4 g6 14. Nd5 Nxd5
15. Bxd5 Kb8 16. Qg4 Qxg4 17. hxg4 Nb4 18. Bb3 c5 19. O-O-O Nc6 20. f5 g5 21.
Bd5 Ne5 22. Rhg1 Bc7 23. Bxc5 Nd7 24. Ba3 Bf4+ 25. Kb1 Ne5 26. b3 Bh2 27. Rg2
Bf4 28. Bb2 h5 29. Bxe5+ Bxe5 30. f3 h4 31. Rgg1 h3 32. Rh1 h2 33. Rd2 Rh3 34.
Rf2 Rdh8 35. a4 Bd4 36. Rff1 Rg3 37. f4 Rg1 38. e5 Rxf1+ 39. Rxf1 h1=Q 40. Bxh1
fxe5 41. fxg5 Rg8 42. g6 Kc7 43. Bd5 Rd8 44. g7 e4 45. g8=Q Rxg8 46. Bxg8 Kd7
47. f6 Ke8 48. f7+ Kf8 49. Rf4 e3 50. Rxd4 1-0